004860000a2200145000450024500780000065000120007865000270009065000340011765000170015165100610016865300350022904100130026410000270027777300360030410aLandscape ecology-vegetation map of Tláloc and Pelado volcanoes, Mexico14aConejos14aEcología del paisaje14aFragmentación del hábitat14aVegetación 4lVolcanes Tláloc y PeladomCiudad de MéxicopMéxico gRomerolaguseRomerolagus diazi0 aInglés1 aVelázquez, Alejandro1 tITC Journal3607q213-227d1992